000 00757nam a2200217Ia 4500
003 GCL
005 20240530095447.0
008 140319s9999 xx 000 0 ara d
040 _aGCL /
_cGCL
082 0 4 _a668.54
_bق/م ع
100 1 _aمحمد عبدالحميد شيمى
245 1 0 _aالعطور ومعامل العطور فى مصر القديمة /
_cمحمد عبدالحميد شيمى
250 _aالاولى
260 _aالقاهرة :
_bالمجلس الاعلى للثقافة ،
_c2005
300 _a712 ص ؛
_c25 سم
650 0 4 _aالعلوم عند الفراعنة
650 0 4 _aالعطور
650 0 4 _aالنباتات العطرية
650 0 4 _aالعطور- تاريخ- مصر القديمة
942 _2ddc
_cBK
999 _c7489
_d7489